000 00564nam a2200193Ia 4500
005 20250326142920.0
008 250326s9999 xx 000 0 und d
020 _a0-201-84484-2
037 _aTextbook
040 _aFMSL
_beng
_cFMSL
041 _aeng
_2eng
084 _aX:8D.1 P3
_qFMSL
100 _aMoffett M H
_9746885
245 0 _aFundamentals of multinational fice
_cMoffett M H; Stonehill A L And Others
260 _aBoston
_bBoston, Addison Wesley
_c2003
300 _axxii,600
942 _cTB
_hX:8D.1 P3
999 _c1297243
_d1297243